00433 a2200145 4500008004100000020001800041082001700059100001800076245003500094260004200129300001900171490005000190650002700240700002000267221215b ||||| |||| 00| 0 eng d a978007059357200a621.3bM6853 aMittle, V. N. aBasic electrical engineering / aNew Delhi: bTata McGraw Hill,c2015. axxviii, 828 p.0 aElectrical and Electronics Engineering Series 0aElectrical Engineering aMittal, Arvind